| 000 | 00619nam a2200217 a 4500 | ||
|---|---|---|---|
| 005 | 20210219152933.0 | ||
| 008 | 991125n 000 0 spa u | ||
| 035 | _aUPN01000067749 | ||
| 100 | _aCASTRO GUEVARA, Numa Pompilio | ||
| 222 | 0 | _aEDUCACION ESPECIAL | |
| 245 | 3 | _aLa clínica de la conducta y la clínica de ortolalia | |
| 300 | _a13-15 | ||
| 362 | _a1971 No. 1 nov. | ||
| 653 | 0 | _aCLINICA DE LA CONDUCTA (MEXICO) | |
| 653 | 0 | _aCLINICA DE ORTOLALIA (MEXICO) | |
| 653 | 0 | _aCONDUCTA | |
| 653 | 0 | _aPROBLEMAS DE LENGUAJE | |
| 653 | 0 | _aRETRASO MENTAL | |
| 700 | _aKING DE G., Lucy | ||
| 905 | _aArticulo | ||
| 999 |
_c64177 _d64177 |
||